Temas de derecho agrario (Registro nro. 8172)

Detalles MARC
000 -LEADER
fixed length control field 00423nam a2200157Ia 4500
008 - FIXED-LENGTH DATA ELEMENTS--GENERAL INFORMATION
fixed length control field 230508s9999 xx 000 0 und d
040 ## - CATALOGING SOURCE
Original cataloging agency UPAN
Transcribing agency Biblioteca San Vicente
Description conventions RCAA2
041 ## - LANGUAGE CODE
Language code of text/sound track or separate title spa
082 ## - DEWEY DECIMAL CLASSIFICATION NUMBER
Classification number 343076
Item number A487t
100 ## - MAIN ENTRY--PERSONAL NAME
Personal name Alvarenga, Ivo Príamo
245 #0 - TITLE STATEMENT
Title Temas de derecho agrario
250 ## - EDITION STATEMENT
Edition statement 1° ed.
260 ## - PUBLICATION, DISTRIBUTION, ETC. (IMPRINT)
Place of publication, distribution, etc El Salvador
Name of publisher, distributor, etc Corte Suprema de Justicia
Date of publication, distribution, etc 2000
300 ## - PHYSICAL DESCRIPTION
Extent 208 p.
Dimensions 21 cm.
942 ## - ADDED ENTRY ELEMENTS (KOHA)
Koha item type Libros

No hay ítems disponibles.